00671naa a2200217 a 450000100080000000500110000800800410001910000170006024500820007726000090015965300200016865300340018865300190022265300220024165300200026370000200028370000180030370000390032170000170036077300760037710541292007-07-17 2007 bl uuuu u00u1 u #d1 aBRUNO, I. P. aComparison between climatological and field water balances for a coffee crop. c2007 aAgua disponivel aArmazenamento de agua no solo aDefice hidrico aEvapotranspiracao aExcesso hidrico1 aSILVA, A. L. da1 aREICHARDT, K.1 aDOURADO-NETO, D.: BACCHI, O. O. S.1 aVOLPE, C. A. tScientia Agricola, Piracicabagv. 64, n. 3, p. 215-220, may/june, 2007.